Normal view
MARC view
- Impuestos
Entry Materia
001 - NÚMERO DE CONTROL DEL REGISTRO
- campo de control: 18587
003 - IDENTIFICADOR DE NUMERO DE CONTROL
- campo de control: UPN
005 - FECHA Y HORA DE LA ÚLTIMA TRANSACCIÓN
- campo de control: 20240215111530.0
008 - DATOS DE LONGITUD FIJA
- campo de control de longitud fija: 240215dn ancnnaabn n ana |d
035 ## - NÚMERO DE CONTROL DEL SISTEMA
- Número de control del sistema: UPN10000018595
040 ## - FUENTE DE LA CATALOGACIÓN
- Lengua de catalogación: spa
- Centro catalogador de origen: MX-MxUPN
150 ## - ENCABEZAMIENTO - TEMÁTICO
- Término de materia o nombre geográfico como elemento inicial: Impuestos
- Subdivisión de materia general: Leyes y legislación
- Subdivisión geográfica: México
670 ## - FUENTE EN LA QUE SE LOCALIZARON DATOS
- Cita de la fuente: LC Authorities, 15 febrero 2024 :
- Información localizada: (Taxation - Law and legislation - Mexico)
- Identificador Uniforme del Recurso: https://lccn.loc.gov/sh2008112587
902 ## - CATALOGADOR
- Catalogador: PNO/220503
- Catalogador: VíctorGodínez/150224
